<?xml version="1.0" encoding="UTF-8"?><?xml-stylesheet type="text/xsl" href="static/style.xsl"?><OAI-PMH xmlns="http://www.openarchives.org/OAI/2.0/" xmlns:xsi="http://www.w3.org/2001/XMLSchema-instance" xsi:schemaLocation="http://www.openarchives.org/OAI/2.0/ http://www.openarchives.org/OAI/2.0/OAI-PMH.xsd"><responseDate>2026-04-17T09:34:44Z</responseDate><request verb="GetRecord" identifier="oai:riubu.ubu.es:10259/7809" metadataPrefix="marc">https://riubu.ubu.es/oai/request</request><GetRecord><record><header><identifier>oai:riubu.ubu.es:10259/7809</identifier><datestamp>2023-09-16T22:00:44Z</datestamp><setSpec>com_10259_2699</setSpec><setSpec>col_10259_2713</setSpec></header><metadata><record xmlns="http://www.loc.gov/MARC21/slim" xmlns:doc="http://www.lyncode.com/xoai" xmlns:xsi="http://www.w3.org/2001/XMLSchema-instance" xmlns:dcterms="http://purl.org/dc/terms/" xsi:schemaLocation="http://www.loc.gov/MARC21/slim http://www.loc.gov/standards/marcxml/schema/MARC21slim.xsd">
<leader>00925njm 22002777a 4500</leader>
<datafield tag="042" ind1=" " ind2=" ">
<subfield code="a">dc</subfield>
</datafield>
<datafield tag="720" ind1=" " ind2=" ">
<subfield code="a">Barros Escalona, Ana Mercedes</subfield>
<subfield code="e">author</subfield>
</datafield>
<datafield tag="260" ind1=" " ind2=" ">
<subfield code="c">2022</subfield>
</datafield>
<datafield tag="520" ind1=" " ind2=" ">
<subfield code="a">Leer comprensivamente es una tarea demandante cognitivamente. Los estudiantes en&#xd;
formación de ciencias lidian para comprender los textos científicos, lo cual se transforma en&#xd;
un tema sensible debido al rol del profesor de ciencias en la sociedad.&#xd;
Nuestro diagnóstico reveló que estos estudiantes leen en niveles intermedios de comprensión&#xd;
y requieren apoyo. Para enseñarles a comprender textos científicos, diseñamos e&#xd;
implementamos una propuesta basada en estrategias lectoras. Los resultados fueron&#xd;
satisfactorios ya que los estudiantes mejoraron su nivel de comprensión, pero persistieron&#xd;
falencias para autorregular el aprendizaje y alcanzar la comprensión en profundidad.&#xd;
Leer y comprender es una actividad compleja que requiere habilidades de pensamiento de&#xd;
orden superior, que se agrava con la naturaleza abstracta de las ciencias y requiere estudiantes&#xd;
motivados y estratégicos frente a la lectura. Por otra parte, los planes de estudio de la&#xd;
formación del profesorado en ciencias presentan deficiencias que es necesario considerar.</subfield>
</datafield>
<datafield tag="024" ind2=" " ind1="8">
<subfield code="a">http://hdl.handle.net/10259/7809</subfield>
</datafield>
<datafield tag="024" ind2=" " ind1="8">
<subfield code="a">10.36443/10259/7809</subfield>
</datafield>
<datafield ind1=" " ind2=" " tag="653">
<subfield code="a">Comprensión lectora</subfield>
</datafield>
<datafield ind1=" " ind2=" " tag="653">
<subfield code="a">Textos científicos</subfield>
</datafield>
<datafield ind1=" " ind2=" " tag="653">
<subfield code="a">Formación docente</subfield>
</datafield>
<datafield ind1=" " ind2=" " tag="653">
<subfield code="a">Estrategias de lectura</subfield>
</datafield>
<datafield ind1=" " ind2=" " tag="653">
<subfield code="a">Autorregulación</subfield>
</datafield>
<datafield ind1=" " ind2=" " tag="653">
<subfield code="a">Reading comprehension</subfield>
</datafield>
<datafield ind1=" " ind2=" " tag="653">
<subfield code="a">Scientific texts</subfield>
</datafield>
<datafield ind1=" " ind2=" " tag="653">
<subfield code="a">Teacher training</subfield>
</datafield>
<datafield ind1=" " ind2=" " tag="653">
<subfield code="a">Reading strategies</subfield>
</datafield>
<datafield ind1=" " ind2=" " tag="653">
<subfield code="a">Self-regulation</subfield>
</datafield>
<datafield tag="245" ind1="0" ind2="0">
<subfield code="a">Diseño de una propuesta de enseñanza para mejorar la comprensión de textos científicos de estudiantes en formación de ciencias</subfield>
</datafield>
</record></metadata></record></GetRecord></OAI-PMH>